000 00521nmm a2200169Ia 4500
008 251105s9999||||xx |||||||||||||||||und||
020 _a9788489564534
041 _aspa
100 _aCalvo Herrera, Concepción
245 0 _aDiccionario de cine. :
_b Producción, distribución y exhibición
264 _a[Madrid, España] :
_bEdiciones JC Clementine,
_c2007
300 _a156 páginas
490 _aDiccionarios
650 _aFilm studies
856 _uhttps://public.digitaliapublishing.com/a/12880
942 _cCF
999 _c87070
_d87070